Sentencing in the Age of Information : (Record no. 619840)

MARC details
000 -LEADER
fixed length control field 00504nam a2200193 a 4500
008 - FIXED-LENGTH DATA ELEMENTS--GENERAL INFORMATION
fixed length control field 260424s2005##################000#0#eng##
020 ## - INTERNATIONAL STANDARD BOOK NUMBER
ISBN 9781904385394
082 04 - DEWEY DECIMAL CLASSIFICATION NUMBER
Classification number 345.0772AAS
100 1# - MAIN ENTRY--AUTHOR NAME
Personal name Aas, Katja Franko,
245 10 - TITLE STATEMENT
Title Sentencing in the Age of Information :
260 ## - PUBLICATION, DISTRIBUTION, ETC. (IMPRINT)
Name of publisher Psychology Press,
Year of publication 2005.
300 ## - PHYSICAL DESCRIPTION
Number of Pages 232 pages
650 #0 - SUBJECT ADDED ENTRY--TOPICAL TERM
Topical Term Law.
942 ## - ADDED ENTRY ELEMENTS (KOHA)
Koha item type English Books
Holdings
Withdrawn status Lost status Damaged status Not for loan Home library Current library Date acquired Full call number Accession Number Price effective from Koha item type
        Anna Centenary Library Anna Centenary Library 24.04.2026 345.0772AAS 146340 24.04.2026 English Books

Find us on the map